000 01692nam a2200457 i 4500
001 138941
003 FINmELB
005 20241217181243.0
006 m o d |
007 cr cnu||||||||
008 170822s2014 sp ob 001 0 spa d
020 _a9788420687155
_q(e-book)
035 _a(OCoLC)935743846
040 _aFINmELB
_bspa
_erda
_cFINmELB
050 4 _aJN8341
_bS669 2014
080 _a321.7
080 _a94
082 0 _a320.946
_223
100 1 _aSánchez-Cuenca, Ignacio.
245 1 0 _aAtado y mal atado :
_bel suicidio institucional del franquismo y el surgimiento de la democracia /
_cIgnacio Sánchez-Cuenca.
264 1 _aMadrid :
_bDifusora Larousse - Alianza Editorial,
_c[2014]
300 _a1 recurso en línea (260 páginas sin numerar)
336 _atexto
_btxt
_2rdacontent/spa
337 _acomputadora
_bc
_2rdamedia/spa
338 _arecurso en línea
_bcr
_2rdacarrier/spa
500 _aContiene índice.
504 _aContiene bibliografía.
588 _aDescripción basada en metadatos suministrados por el editor y otras fuentes.
590 _aRecurso electrónico. Santa Fe, Arg.: elibro, 2020. Disponible vía World Wide Web. El acceso puede estar limitado para las bibliotecas afiliadas a elibro.
650 0 _aDemocracy
_zSpain.
650 4 _aDemocracia
_zEspaña.
650 0 _aFrancoism.
650 4 _aFranquismo.
651 0 _aSpain
_xPolitics and government.
651 4 _aEspaña
_xPolítica y gobierno.
655 4 _aLibros electrónicos.
797 2 _aelibro, Corp.
856 4 0 _uhttps://elibro.net/ereader/politecnicointernacional/114578
999 _c138941
_d138941